| 000 | 01141nam a2200277Ia 4500 | ||
|---|---|---|---|
| 003 | OSt | ||
| 005 | 20221005104822.0 | ||
| 006 | a|||||r|||| 00| 0 | ||
| 007 | ta | ||
| 008 | 221004b |||||||| |||| 00| 0 hin d | ||
| 020 |
_a9788188459926 (hbk) _cINR 995.00 |
||
| 024 | _a36697 | ||
| 037 |
_b1714, 19/03/2018, Pegasus Marketing India _cTextual |
||
| 040 |
_aCRL _cCRL _bhin |
||
| 041 |
_2hin _ahin |
||
| 082 | _aO152,1I00x, Q5 | ||
| 100 |
_aपाण्डेय, कमला पति, संपा. _9623838 |
||
| 245 | 0 |
_aकबीर ग्रन्थावली _b प्रबोधिनी व्याख्या सहित |
|
| 246 | _aKabīr granthāvalī: prabodhinī vyākhyā sahita | ||
| 260 |
_aदिल्ली _bशुभदा प्रकाशन भारत _c2015 |
||
| 300 |
_a807पृ0 _ccm. |
||
| 650 | _a हिन्दी साहित्य | ||
| 650 | _aहिन्दी कविता | ||
| 942 |
_hO152,1I00x, Q5 _cTEXL _2cc |
||
| 999 |
_c1013891 _d1013891 |
||